| 000 | 00458nam a22001577a 4500 | ||
|---|---|---|---|
| 005 | 20251108165154.0 | ||
| 008 | 250721s1986 xx 000 0 ara d | ||
| 082 | 1 | 4 | _a366.1/اسل |
| 100 | 1 | _aعبد الله، أبو سلام أحمد | |
| 245 | 1 | 0 | _aالماسونية في المنطقة 245 / |
| 264 |
_bالزهراء للإعلام العربي، _c1986. |
||
| 300 | _a310ص | ||
| 650 | 1 | 7 | _aالماسونية |
| 942 |
_2ddc _cBK |
||
| 999 |
_c21232 _d21232 |
||